000 01029nam a2200301 i 4500
003 EG-GICUC
005 20260228082432.0
008 260228s1939 -uk |fr|||| 001 0 eng d
040 _aEG-GiCUC
_beng
_cEG-GiCUC
_dEG-GiCUC
_erda
041 1 _aeng
082 0 4 _221
_a341.9
_bCA
092 0 4 _221
099 _aLaw1 11 341.9 CA 1939
245 0 4 _aThe Cambridge History Of British Foreign Policy 1919.
_nVolume I,
_p1783-1815 /
_cEdited By Sir A. W. Ward, Litt.d., F.b.a. And G. P. Gooch, M.a., Litt.d.
264 3 _aCambridge :
_b The University Press,
_c1939.
300 _a628 pages,
_c24 cm
336 _2rda content
_atext
337 _2rda media
_aComputer
338 _2rda carrier
_aOnline Resource
504 _aIncludes bibliographical references and index.
546 _aText in English
650 1 4 _aPublic international law
700 1 _aWard, A. W
_eeditor.
700 1 _aGooch,G. P
_eeditor.
856 4 0 _uhttps://fll.law.cu.edu.eg/fulltext/bks/B11-08234.pdf
905 _a48
942 _2ddc
_cBK
_e21
_n0
999 _c64328
_d64328